[Event "WJCC U20 Girls 2019"]
[Site "New Delhi"]
[Date "2019.10.18"]
[Round "5.45"]
[White "Shivika Rohilla"]
[Black "Figueroa Bernal, Julia Dennis"]
[Result "1/2-1/2"]
[WhiteElo "1721"]
[BlackElo "1777"]
[Annotator "NA"]
[PlyCount "102"]
[EventDate "2019.10.15"]
[EventType "swiss"]
[EventCountry "IND"]
[SourceTitle "playchess.com"]
[Source "ChessBase"]
[SourceQuality "1"]
[TimeControl "40/5400+30:1800+30"]

1. e4 {[%emt 0:00:00]} c5 {[%emt 0:00:00]} 2. Nf3 {[%emt 0:00:00]} e6 {[%emt 0:00:00]} 3. d4 {[%emt 0:00:00]} cxd4 {[%emt 0:00:00]} 4. Nxd4 {[%emt 0:00:00]} a6 {[%emt 0:00:00]} 5. c4 {[%emt 0:00:00]} Nf6 {[%emt 0:00:27]} 6. Nc3 {[%emt 0:00:06]} Bb4 {[%emt 0:00:41]} 7. Qd3 {[%emt 0:00:48]} Qa5 {[%emt 0:10:39]} 8. Bd2 {[%emt 0:04:22]} O-O {[%emt 0:05:46]} 9. Nc2 {[%emt 0:08:51]} Nc6 {[%emt 0:09:36]} 10. a3 {[%emt 0:00:56]} Be7 {[%emt 0:09:33]} 11. b4 {[%emt 0:01:40]} Qc7 {[%emt 0:00:54]} 12. f4 {[%emt 0:02:13]} d6 {[%emt 0:03:17]} 13. Be2 {[%emt 0:00:41]} Bd7 {[%emt 0:09:53]} 14. O-O {[%emt 0:01:38]} Rfd8 {[%emt 0:01:37]} 15. Be3 {[%emt 0:08:50]} Rac8 {[%emt 0:04:08]} 16. Rfd1 {[%emt 0:06:28]} Nb8 {[%emt 0:03:38]} 17. Bd2 {[%emt 0:14:27]} Bc6 {[%emt 0:04:29]} 18. Ne3 {[%emt 0:05:46]} b6 {[%emt 0:04:38]} 19. Rac1 {[%emt 0:04:08]} Qa7 {[%emt 0:01:19]} 20. Be1 {[%emt 0:03:26]} Nbd7 {[%emt 0:00:25]} 21. Bf2 {[%emt 0:01:14]} Qa8 {[%emt 0:02:01]} 22. Bf3 {[%emt 0:00:56]} g6 {[%emt 0:01:52]} 23. Nf1 {[%emt 0:09:03]} Ne8 {[%emt 0:02:35]} 24. Qe2 {[%emt 0:03:01]} Bf6 {[%emt 0:01:38]} 25. Nd2 {[%emt 0:05:17]} Bb7 {[%emt 0:04:32]} 26. Na4 {[%emt 0:02:19]} Qa7 {[%emt 0:03:16]} 27. Qe3 {[%emt 0:01:54]} Qa8 {[%emt 0:04:56]} 28. Nxb6 {[%emt 0:01:24]} Nxb6 {[%emt 0:00:06]} 29. Qxb6 {[%emt 0:00:04]} e5 {[%emt 0:04:04]} 30. Qe3 {[%emt 0:02:33]} Ng7 {[%emt 0:00:38]} 31. Bg4 {[%emt 0:01:28]} Rb8 {[%emt 0:02:42]} 32. fxe5 {[%emt 0:01:05]} Bxe5 {[%emt 0:00:25]} 33. Bf3 {[%emt 0:00:40]} Ne6 {[%emt 0:00:16]} 34. Qb3 {[%emt 0:01:55]} Nd4 {[%emt 0:01:15]} 35. Bxd4 {[%emt 0:00:08]} Bxd4+ {[%emt 0:00:03]} 36. Kh1 {[%emt 0:00:29]} Be5 {[%emt 0:00:29]} 37. Qd3 {[%emt 0:00:28]} Bc6 {[%emt 0:00:36]} 38. g3 {[%emt 0:01:13]} Kg7 {[%emt 0:00:40]} 39. Kg2 {[%emt 0:00:16]} h5 {[%emt 0:00:31]} 40. h4 {[%emt 0:01:42]} Re8 {[%emt 0:01:25]} 41. Re1 {[%emt 0:31:34]} Re7 {[%emt 0:31:08]} 42. Re2 {[%emt 0:02:29]} Rbe8 {[%emt 0:01:13]} 43. Rce1 {[%emt 0:00:31]} Kg8 {[%emt 0:00:24]} 44. Nb3 {[%emt 0:01:19]} Qa7 {[%emt 0:00:10]} 45. Qe3 {[%emt 0:04:07]} Qc7 {[%emt 0:01:06]} 46. Na5 {[%emt 0:00:00]} Ba8 {[%emt 0:00:00]} 47. Qd3 {[%emt 0:00:00]} Kg7 {[%emt 0:00:00]} 48. Nb3 {[%emt 0:00:00]} Qa7 {[%emt 0:00:00]} 49. Qe3 {[%emt 0:00:00]} Qc7 {[%emt 0:00:00]} 50. Qd3 {[%emt 0:00:00]} Qa7 {[%emt 0:00:00]} 51. c5 {[%emt 0:00:00]} Rd7 {[%emt 0:00:00]} 1/2-1/2

[Event "WJCC U20 Girls 2019"]
[Site "New Delhi"]
[Date "2019.10.18"]
[Round "5.46"]
[White "Du Plessis, Anika"]
[Black "Yaakub, Nov Genevia Pslam"]
[Result "1-0"]
[WhiteElo "1594"]
[BlackElo "1316"]
[Annotator "NA RC"]
[PlyCount "49"]
[EventDate "2019.10.15"]
[EventType "swiss"]
[EventCountry "IND"]
[SourceTitle "playchess.com"]
[Source "ChessBase"]
[SourceQuality "1"]
[TimeControl "40/5400+30:1800+30"]

1. e4 {[%emt 0:00:00]} e5 {[%emt 0:00:00]} 2. Nf3 {[%emt 0:00:00]} Nc6 {[%emt 0:00:00]} 3. d4 {[%emt 0:00:17]} exd4 {[%emt 0:02:20]} 4. Bc4 {[%emt 0:00:35]} h6 {[%emt 0:01:05]} 5. O-O {[%emt 0:01:20]} Bc5 {[%emt 0:04:07]} 6. c3 {[%emt 0:00:48]} dxc3 {[%emt 0:01:27]} 7. Bxf7+ {[%emt 0:00:34]} Kxf7 {[%emt 0:00:54]} 8. Qd5+ {[%emt 0:00:04]} Ke8 {[%emt 0:01:34]} 9. Qxc5 {[%emt 0:01:52]} Nf6 {[%emt 0:06:45]} 10. e5 {[%emt 0:05:18]} Ne4 {[%emt 0:11:17]} 11. Qe3 {[%emt 0:05:01]} Ng5 {[%emt 0:03:04]} 12. Nxc3 {[%emt 0:07:33]} Nxf3+ {[%emt 0:13:05]} 13. Qxf3 {[%emt 0:00:05]} Nd4 {[%emt 0:05:55]} 14. Qg4 {[%emt 0:06:20]} Ne6 {[%emt 0:01:15]} 15. f4 {[%emt 0:02:45]} c6 {[%emt 0:11:47]} 16. Be3 {[%emt 0:06:47]} Qe7 {[%emt 0:05:55]} 17. Ne4 Kd8 {[%emt 0:06:35]} 18. f5 {[%emt 0:12:56]} Nc7 {[%emt 0:06:21]} 19. Nd6 {[%emt 0:08:02]} Rf8 {[%emt 0:05:12]} 20. Bd4 {[%emt 0:03:28]} Nb5 {[%emt 0:03:22]} 21. Nxb5 {[%emt 0:03:57]} cxb5 {[%emt 0:00:18]} 22. Rac1 {[%emt 0:01:25]} b6 {[%emt 0:02:02]} 23. f6 {[%emt 0:03:21]} gxf6 {[%emt 0:01:32]} 24. exf6 {[%emt 0:00:04]} Qf7 {[%emt 0:03:48]} 25. Qf4 {[%emt 0:00:29]} 1-0

[Event "WJCC U20 Girls 2019"]
[Site "New Delhi"]
[Date "2019.10.19"]
[Round "6.1"]
[White "Altantuya, Boldbaatar"]
[Black "Alinasab, Mobina"]
[Result "0-1"]
[WhiteElo "2277"]
[BlackElo "2239"]
[Annotator "NA"]
[PlyCount "78"]
[EventDate "2019.10.15"]
[EventType "swiss"]
[EventCountry "IND"]
[SourceTitle "playchess.com"]
[Source "ChessBase"]
[SourceQuality "1"]
[TimeControl "40/5400+30:1800+30"]

1. d4 {[%emt 0:00:00]} Nf6 {[%emt 0:00:00]} 2. Nf3 {[%emt 0:00:00]} e6 {[%emt 0:00:00]} 3. c4 {[%emt 0:00:07]} d5 {[%emt 0:00:00]} 4. Nc3 {[%emt 0:00:13]} c6 {[%emt 0:00:12]} 5. e3 {[%emt 0:00:31]} Nbd7 {[%emt 0:00:43]} 6. Bd3 {[%emt 0:00:37]} dxc4 {[%emt 0:04:37]} 7. Bxc4 {[%emt 0:00:07]} b5 {[%emt 0:00:26]} 8. Bd3 {[%emt 0:00:25]} Bb7 {[%emt 0:01:47]} 9. O-O {[%emt 0:00:13]} a6 {[%emt 0:00:52]} 10. e4 {[%emt 0:00:44]} c5 {[%emt 0:09:52]} 11. d5 {[%emt 0:00:13]} e5 {[%emt 0:03:59]} (11... Qc7 $11) 12. Ne2 {[%emt 0:01:10]} c4 {[%emt 0:03:57]} 13. Bc2 {[%emt 0:00:14]} Bc5 {[%emt 0:00:23]} 14. Ng3 {[%emt 0:07:34]} g6 {[%emt 0:03:45]} 15. Qe2 $14 {[%emt 0:05:07]} Qb6 {[%emt 0:02:43]} 16. Bd2 {[%emt 0:04:47]} h5 {[%emt 0:04:35]} 17. Rfd1 {[%emt 0:06:54]} Ng4 {[%emt 0:11:48]} 18. Be1 {[%emt 0:00:18]} h4 {[%emt 0:01:20]} 19. Nf1 {[%emt 0:00:38]} h3 {[%emt 0:00:46]} 20. Ng5 {[%emt 0:32:54]} hxg2 {[%emt 0:03:58]} 21. Qxg4 {[%emt 0:01:23]} gxf1=Q+ {[%emt 0:00:11]} 22. Kxf1 {[%emt 0:00:03]} Rxh2 {[%emt 0:09:45]} 23. Kg1 {[%emt 0:06:37]} Rh5 {[%emt 0:06:44]} 24. Nxf7 {[%emt 0:05:33]} Qf6 {[%emt 0:00:29]} 25. Qe6+ {[%emt 0:03:35]} Kf8 {[%emt 0:00:42]} 26. Qxf6 {[%emt 0:03:58]} Nxf6 {[%emt 0:00:02]} 27. Nxe5 {[%emt 0:00:28]} Rxe5 {[%emt 0:00:24]} 28. Bc3 {[%emt 0:00:08]} Rg5+ {[%emt 0:00:25]} 29. Kf1 {[%emt 0:00:04]} Kf7 {[%emt 0:08:15]} 30. Ke2 {[%emt 0:03:16]} Re8 {[%emt 0:03:19]} 31. Kf3 {[%emt 0:00:55]} Rh5 {[%emt 0:01:01]} 32. Rh1 {[%emt 0:00:37]} b4 {[%emt 0:02:55]} 33. Bd2 {[%emt 0:04:16]} Reh8 {[%emt 0:03:13]} 34. Rxh5 {[%emt 0:01:32]} Rxh5 {[%emt 0:00:12]} 35. Kg2 {[%emt 0:01:20]} g5 {[%emt 0:05:44]} 36. f3 {[%emt 0:01:35]} a5 {[%emt 0:03:17]} 37. Bd1 {[%emt 0:00:36]} Bd4 {[%emt 0:01:58]} 38. Rb1 {[%emt 0:01:27]} Rh8 {[%emt 0:00:25]} 39. Be2 {[%emt 0:00:23]} Be5 {[%emt 0:02:20]} 0-1

[Event "WJCC U20 Girls 2019"]
[Site "New Delhi"]
[Date "2019.10.19"]
[Round "6.2"]
[White "Tsolakidou, Stavroula"]
[Black "Divya Deshmukh"]
[Result "1/2-1/2"]
[WhiteElo "2431"]
[BlackElo "2358"]
[Annotator "TA"]
[PlyCount "72"]
[EventDate "2019.10.15"]
[EventType "swiss"]
[EventCountry "IND"]
[SourceTitle "playchess.com"]
[Source "ChessBase"]
[SourceQuality "1"]

{[%evp 19,72,11,18,0,38,19,52,2,5,0,5,5,16,0,21,6,39,19,16,18,16,10,56,15,25,2,1,0,0,0,0,0,0,0,0,0,0,-58,-60,-54,-15,-38,0,0,0,0,0,0,0,0,0,0,0,0,0]} 1. d4 Nf6 2. c4 e6 3. g3 d5 4. Bg2 Be7 5. Nf3 O-O 6. O-O dxc4 7. Qc2 c6 8. Qxc4 b5 9. Qd3 Bb7 10. Nc3 Nbd7 11. Be3 {D43: Semi-Slav: 5 Bg5 h6} h6 $146 ({Predecessor:} 11... b4 12. Ne4 Nxe4 13. Qxe4 Qb6 14. Ng5 Bxg5 15. Bxg5 Rfb8 16. Qg4 f5 17. Qh4 c5 18. dxc5 Nxc5 19. Bxb7 Rxb7 20. Qc4 Ne4 21. Be3 Rc7 22. Qb3 Nc5 23. Qc4 Ne4 24. Qb3 Nc5 25. Qc4 Ne4 {½-½ (25) Gelfand,B (2655)-Duda,J (2731) Prague 2019}) 12. Rfd1 Nd5 13. Ne4 {White is slightly better.} Qb6 14. Rac1 Rfd8 15. h4 Rac8 16. Qd2 Nxe3 17. Qxe3 Qa6 18. a3 c5 19. dxc5 Bxe4 $1 20. Qxe4 Bxc5 21. Ne1 Qb6 22. Nd3 Bd4 23. Rxc8 Rxc8 24. e3 Bf6 25. b4 g6 26. Rc1 Rxc1+ 27. Nxc1 Qa6 28. Qc6 ({White should play} 28. Nd3 $11) 28... Qxa3 $15 {And now ...Ne5 would win.} 29. Ne2 Ne5 30. Qxb5 Nd3 31. Be4 $36 {[%mdl 2048] The position is equal. White has good play.} Qa1+ 32. Kg2 Ne1+ 33. Kh2 Qa2 {[#] aiming for ...a6.} 34. Kg1 Qa1 {Hoping for ...Nf3+.} 35. Kh2 Qa2 {Threatens to win with ...a6.} 36. Kg1 Qa1 {Accuracy: White = 50%, Black = 55%.} 1/2-1/2

[Event "WJCC U20 Girls 2019"]
[Site "New Delhi"]
[Date "2019.10.19"]
[Round "6.3"]
[White "Shuvalova, Polina"]
[Black "Solozhenkina, Elizaveta"]
[Result "1-0"]
[WhiteElo "2412"]
[BlackElo "2283"]
[Annotator "NA"]
[PlyCount "79"]
[EventDate "2019.10.15"]
[EventType "swiss"]
[EventCountry "IND"]
[SourceTitle "playchess.com"]
[Source "ChessBase"]
[SourceQuality "1"]
[TimeControl "40/5400+30:1800+30"]

1. e4 {[%emt 0:00:00]} e6 {[%emt 0:00:00]} 2. d4 {[%emt 0:00:00]} d5 {[%emt 0:00:00]} 3. Nd2 {[%emt 0:00:05]} Be7 {[%emt 0:00:01]} 4. Bd3 {[%emt 0:00:22]} c5 {[%emt 0:01:10]} 5. dxc5 {[%emt 0:00:05]} Nf6 {[%emt 0:00:19]} 6. Qe2 {[%emt 0:00:49]} O-O {[%emt 0:01:35]} 7. Ngf3 {[%emt 0:00:03]} a5 {[%emt 0:00:18]} 8. O-O {[%emt 0:01:31]} Na6 {[%emt 0:00:09]} 9. e5 {[%emt 0:00:15]} Nd7 {[%emt 0:00:06]} 10. c4 {[%emt 0:05:30]} Nb4 {[%emt 0:00:24]} 11. b3 {[%emt 0:06:14]} Nxd3 {[%emt 0:19:31]} 12. Qxd3 {[%emt 0:00:06]} Nxc5 {[%emt 0:00:05]} 13. Qe3 {[%emt 0:05:36]} Bd7 $11 {[%emt 0:02:56]} 14. Bb2 {[%emt 0:03:02]} b5 {[%emt 0:21:01]} 15. cxd5 {[%emt 0:03:51]} exd5 {[%emt 0:00:07]} 16. Nd4 {[%emt 0:07:09]} Ra6 {[%emt 0:06:00]} 17. Rad1 {[%emt 0:08:37]} Re8 {[%emt 0:03:32]} 18. Qf3 {[%emt 0:04:49]} Rg6 {[%emt 0:01:25]} 19. h3 {[%emt 0:05:01]} Bg5 {[%emt 0:18:10]} 20. Nf5 {[%emt 0:05:32]} Bxd2 {[%emt 0:06:21]} 21. Rxd2 {[%emt 0:04:24]} Qg5 {[%emt 0:00:43]} 22. Ne3 {[%emt 0:01:45]} d4 {[%emt 0:01:56]} 23. Rxd4 {[%emt 0:08:30]} Bc6 {[%emt 0:01:27]} 24. Nd5 {[%emt 0:03:08]} Qxe5 {[%emt 0:06:02]} 25. Rfd1 {[%emt 0:08:30]} Ne4 {[%emt 0:03:58]} 26. Qf4 {[%emt 0:01:51]} Qe6 {[%emt 0:01:18]} 27. Qe3 {[%emt 0:01:27]} Ng5 {[%emt 0:01:39]} 28. Kf1 {[%emt 0:05:10]} Qd6 {[%emt 0:01:32]} 29. Nf4 {[%emt 0:01:36]} Qc7 {[%emt 0:01:50]} 30. Qc3 {[%emt 0:05:39]} Rf6 {[%emt 0:00:36]} 31. Qg3 {[%emt 0:01:45]} Rf5 {[%emt 0:00:37]} 32. Rd6 {[%emt 0:01:04]} f6 {[%emt 0:00:31]} 33. Qg4 {[%emt 0:01:40]} Be4 {[%emt 0:00:23]} 34. h4 {[%emt 0:00:40]} Qc2 {[%emt 0:00:46]} 35. hxg5 {[%emt 0:00:54]} Rxg5 {[%emt 0:00:05]} 36. Qd7 {[%emt 0:00:45]} Bxg2+ {[%emt 0:00:34]} 37. Nxg2 {[%emt 0:00:15]} Qe2+ {[%emt 0:00:04]} 38. Kg1 {[%emt 0:00:01]} Re4 {[%emt 0:01:06]} 39. Qd8+ {[%emt 0:00:50]} Re8 {[%emt 0:00:07]} 40. Qxe8+ {[%emt 0:00:12]} 1-0

[Event "WJCC U20 Girls 2019"]
[Site "New Delhi"]
[Date "2019.10.19"]
[Round "6.4"]
[White "Rakshitta Ravi"]
[Black "Vaishali R"]
[Result "1/2-1/2"]
[WhiteElo "2310"]
[BlackElo "2385"]
[Annotator "NA"]
[PlyCount "84"]
[EventDate "2019.10.15"]
[EventType "swiss"]
[EventCountry "IND"]
[SourceTitle "playchess.com"]
[Source "ChessBase"]
[SourceQuality "1"]
[TimeControl "40/5400+30:1800+30"]

1. d4 {[%emt 0:00:03]} Nf6 {[%emt 0:00:00]} 2. Nf3 {[%emt 0:00:14]} b6 {[%emt 0:00:24]} 3. g3 {[%emt 0:00:18]} Bb7 {[%emt 0:00:05]} 4. Bg2 {[%emt 0:00:05]} c5 {[%emt 0:00:31]} 5. dxc5 {[%emt 0:01:53]} bxc5 {[%emt 0:00:06]} 6. c4 {[%emt 0:00:07]} g6 {[%emt 0:01:10]} 7. b3 {[%emt 0:01:18]} Bg7 {[%emt 0:00:27]} 8. Bb2 {[%emt 0:00:06]} O-O {[%emt 0:00:24]} 9. O-O {[%emt 0:00:07]} d6 {[%emt 0:00:56]} 10. Nc3 {[%emt 0:00:32]} Nbd7 {[%emt 0:03:26]} 11. Qc2 {[%emt 0:00:37]} Rb8 {[%emt 0:06:35]} 12. Rfe1 {[%emt 0:01:29]} Ng4 $14 {[%emt 0:09:24]} 13. Rad1 {[%emt 0:12:19]} Nge5 {[%emt 0:07:10]} 14. Nxe5 {[%emt 0:06:18]} Nxe5 {[%emt 0:00:33]} 15. Bxb7 {[%emt 0:08:12]} Rxb7 {[%emt 0:00:05]} 16. Na4 {[%emt 0:06:39]} Qc8 {[%emt 0:09:39]} 17. Qc3 {[%emt 0:02:55]} Bf6 {[%emt 0:01:13]} 18. f4 {[%emt 0:06:54]} Nc6 {[%emt 0:13:12]} 19. Qd3 {[%emt 0:13:57]} Bxb2 {[%emt 0:11:29]} 20. Nxb2 {[%emt 0:00:14]} Nb4 {[%emt 0:04:27]} 21. Qb1 {[%emt 0:02:17]} Qf5 {[%emt 0:13:54]} 22. Nd3 {[%emt 0:01:29]} Nc6 {[%emt 0:04:47]} 23. e3 {[%emt 0:00:22]} a5 {[%emt 0:01:02]} 24. Qc2 {[%emt 0:07:26]} a4 {[%emt 0:03:40]} 25. bxa4 {[%emt 0:02:11]} Nb4 {[%emt 0:00:33]} 26. Nxb4 {[%emt 0:01:17]} Rxb4 {[%emt 0:00:06]} 27. Qxf5 {[%emt 0:05:06]} gxf5 {[%emt 0:00:02]} 28. e4 {[%emt 0:02:02]} fxe4 {[%emt 0:01:50]} 29. Rxe4 {[%emt 0:00:05]} Rxa4 {[%emt 0:00:46]} 30. Rd2 {[%emt 0:05:36]} Rfa8 {[%emt 0:02:48]} 31. Rxe7 {[%emt 0:01:05]} Rxa2 {[%emt 0:00:19]} 32. Ree2 {[%emt 0:00:34]} Rxd2 {[%emt 0:01:50]} 33. Rxd2 {[%emt 0:00:06]} Ra6 {[%emt 0:00:03]} 34. Kf2 {[%emt 0:01:37]} Kg7 {[%emt 0:01:36]} 35. Kf3 {[%emt 0:01:26]} f5 {[%emt 0:00:59]} 36. Rd3 {[%emt 0:03:11]} h5 {[%emt 0:00:49]} 37. h3 {[%emt 0:00:20]} Kf6 {[%emt 0:00:20]} 38. g4 {[%emt 0:00:30]} hxg4+ {[%emt 0:00:12]} 39. hxg4 {[%emt 0:00:05]} fxg4+ {[%emt 0:00:17]} 40. Kxg4 {[%emt 0:00:07]} Ke7 {[%emt 0:01:08]} 41. Re3+ {[%emt 0:30:51]} Kf6 {[%emt 0:04:22]} 42. Rd3 {[%emt 0:00:00]} Ke7 {[%emt 0:00:09]} 1/2-1/2

[Event "WJCC U20 Girls 2019"]
[Site "New Delhi"]
[Date "2019.10.19"]
[Round "6.5"]
[White "Arpita, Mukherjee"]
[Black "Assaubayeva, Bibisara"]
[Result "1/2-1/2"]
[WhiteElo "2271"]
[BlackElo "2381"]
[Annotator "NA"]
[PlyCount "101"]
[EventDate "2019.10.15"]
[EventType "swiss"]
[EventCountry "IND"]
[SourceTitle "playchess.com"]
[Source "ChessBase"]
[SourceQuality "1"]
[TimeControl "40/5400+30:1800+30"]

1. e4 {[%emt 0:00:36]} c5 {[%emt 0:00:29]} 2. Nf3 {[%emt 0:00:19]} d6 {[%emt 0:00:10]} 3. d4 {[%emt 0:00:11]} cxd4 {[%emt 0:00:08]} 4. Nxd4 {[%emt 0:00:09]} Nf6 {[%emt 0:00:09]} 5. Nc3 {[%emt 0:00:14]} a6 {[%emt 0:00:06]} 6. Be2 {[%emt 0:00:30]} e5 {[%emt 0:00:34]} 7. Nf3 {[%emt 0:00:37]} Be7 {[%emt 0:00:35]} 8. Bg5 {[%emt 0:00:24]} Be6 {[%emt 0:03:45]} 9. Bxf6 {[%emt 0:04:25]} Bxf6 {[%emt 0:00:14]} 10. Nd5 {[%emt 0:00:53]} Nd7 {[%emt 0:04:07]} 11. Bc4 {[%emt 0:04:32]} Be7 $11 {[%emt 0:04:34]} 12. a4 {[%emt 0:08:12]} Rc8 {[%emt 0:03:49]} 13. Qe2 {[%emt 0:15:38]} Nf6 {[%emt 0:04:34]} 14. Nxf6+ {[%emt 0:04:11]} Bxf6 {[%emt 0:00:15]} 15. Bxe6 {[%emt 0:00:14]} fxe6 {[%emt 0:00:02]} 16. O-O {[%emt 0:00:24]} O-O {[%emt 0:01:57]} 17. Rfd1 {[%emt 0:03:43]} Qc7 {[%emt 0:01:54]} 18. c3 {[%emt 0:03:36]} Be7 {[%emt 0:04:33]} 19. a5 {[%emt 0:02:30]} Qc5 {[%emt 0:02:53]} 20. Rdc1 {[%emt 0:16:14]} Rc6 {[%emt 0:06:38]} 21. h4 {[%emt 0:07:23]} Rc7 {[%emt 0:03:08]} 22. Rd1 {[%emt 0:09:20]} Qc6 {[%emt 0:05:31]} 23. Rd3 {[%emt 0:05:05]} Rf4 {[%emt 0:06:19]} 24. Re3 {[%emt 0:02:36]} Rc8 {[%emt 0:06:42]} 25. g3 {[%emt 0:01:21]} Rff8 {[%emt 0:05:36]} 26. b4 {[%emt 0:01:49]} Rc7 {[%emt 0:02:48]} 27. Nd2 {[%emt 0:00:56]} d5 {[%emt 0:03:11]} 28. Nf3 {[%emt 0:02:59]} Bf6 {[%emt 0:01:39]} 29. exd5 {[%emt 0:01:03]} exd5 {[%emt 0:00:03]} 30. Nxe5 {[%emt 0:00:13]} Bxe5 {[%emt 0:00:07]} 31. Rxe5 {[%emt 0:00:03]} Qxc3 {[%emt 0:00:11]} 32. Re1 {[%emt 0:03:16]} Rcf7 {[%emt 0:01:33]} 33. Re8 {[%emt 0:01:34]} Qxb4 {[%emt 0:00:58]} 34. Qe6 {[%emt 0:01:16]} Rxe8 {[%emt 0:00:42]} 35. Qxe8+ {[%emt 0:00:03]} Qf8 {[%emt 0:00:34]} 36. Qa4 {[%emt 0:00:58]} Qc5 {[%emt 0:02:09]} 37. Re8+ {[%emt 0:00:29]} Rf8 {[%emt 0:00:01]} 38. Rxf8+ {[%emt 0:00:19]} Qxf8 {[%emt 0:00:05]} 39. Qd7 {[%emt 0:00:28]} Qb8 {[%emt 0:08:38]} 40. Qxd5+ {[%emt 0:00:15]} Kh8 {[%emt 0:00:04]} 41. Qd7 {[%emt 0:01:26]} h6 {[%emt 0:05:22]} 42. h5 {[%emt 0:01:31]} Kg8 {[%emt 0:04:18]} 43. Qe6+ {[%emt 0:00:36]} Kf8 {[%emt 0:01:29]} 44. Qf5+ {[%emt 0:00:12]} Ke7 {[%emt 0:01:29]} 45. Qe4+ {[%emt 0:00:19]} Kf7 {[%emt 0:02:38]} 46. Qg6+ {[%emt 0:00:11]} Kg8 {[%emt 0:00:07]} 47. Qe6+ {[%emt 0:00:03]} Kh8 {[%emt 0:00:12]} 48. Qd7 {[%emt 0:00:05]} b6 {[%emt 0:02:12]} 49. axb6 {[%emt 0:00:22]} Qxb6 {[%emt 0:00:01]} 50. Qe8+ {[%emt 0:00:06]} Kh7 {[%emt 0:00:14]} 51. Qe4+ {[%emt 0:00:03]} 1/2-1/2

[Event "WJCC U20 Girls 2019"]
[Site "New Delhi"]
[Date "2019.10.19"]
[Round "6.6"]
[White "Berdnyk, Mariia"]
[Black "Toshali, V."]
[Result "1-0"]
[WhiteElo "2349"]
[BlackElo "1868"]
[Annotator "NA"]
[PlyCount "115"]
[EventDate "2019.10.15"]
[EventType "swiss"]
[EventCountry "IND"]
[SourceTitle "playchess.com"]
[Source "ChessBase"]
[SourceQuality "1"]
[TimeControl "40/5400+30:1800+30"]

1. d4 {[%emt 0:00:00]} d5 2. c4 {[%emt 0:00:00]} c6 {[%emt 0:00:00]} 3. Nf3 {[%emt 0:00:00]} Nf6 {[%emt 0:00:00]} 4. g3 {[%emt 0:00:00]} Bg4 {[%emt 0:00:11]} 5. Ne5 {[%emt 0:02:47]} Bf5 {[%emt 0:00:31]} 6. cxd5 {[%emt 0:01:55]} cxd5 {[%emt 0:01:43]} 7. Nc3 {[%emt 0:00:16]} e6 {[%emt 0:01:03]} 8. Qa4+ {[%emt 0:02:28]} Nbd7 {[%emt 0:01:42]} 9. e4 {[%emt 0:02:57]} Bxe4 {[%emt 0:07:41]} 10. f3 {[%emt 0:00:41]} Bg6 {[%emt 0:19:57]} 11. Bg5 {[%emt 0:00:44]} a6 {[%emt 0:03:05]} 12. Nxd7 {[%emt 0:00:20]} b5 {[%emt 0:00:22]} 13. Nxf6+ {[%emt 0:14:13]} gxf6 {[%emt 0:00:30]} 14. Nxb5 {[%emt 0:00:17]} fxg5 {[%emt 0:06:10]} 15. Nc7+ {[%emt 0:00:15]} Ke7 {[%emt 0:00:13]} 16. Nxa8 {[%emt 0:00:08]} Qxa8 {[%emt 0:00:05]} 17. Qxa6 {[%emt 0:00:47]} Qxa6 {[%emt 0:00:26]} 18. Bxa6 {[%emt 0:00:01]} Bg7 {[%emt 0:00:25]} 19. O-O-O {[%emt 0:06:34]} Ra8 {[%emt 0:04:01]} 20. Bd3 {[%emt 0:00:07]} Rxa2 {[%emt 0:01:04]} 21. Bxg6 {[%emt 0:07:46]} hxg6 {[%emt 0:01:31]} 22. Kc2 {[%emt 0:00:12]} Ra4 {[%emt 0:03:47]} 23. h4 {[%emt 0:04:07]} gxh4 {[%emt 0:03:47]} 24. Rxh4 {[%emt 0:00:09]} Bf6 {[%emt 0:03:52]} 25. Rh2 {[%emt 0:10:49]} Ra7 {[%emt 0:11:30]} 26. Kd3 {[%emt 0:00:42]} Rb7 {[%emt 0:05:09]} 27. Ke3 {[%emt 0:00:44]} e5 {[%emt 0:08:42]} 28. dxe5 {[%emt 0:09:02]} Bxe5 {[%emt 0:00:02]} 29. Re2 {[%emt 0:00:51]} Kd6 {[%emt 0:03:57]} 30. Rb1 {[%emt 0:01:10]} Bxg3 {[%emt 0:00:46]} 31. b4 {[%emt 0:00:14]} Re7+ {[%emt 0:05:46]} 32. Kd3 {[%emt 0:00:07]} Ra7 {[%emt 0:01:36]} 33. Rb3 {[%emt 0:04:05]} Kc6 {[%emt 0:01:49]} 34. b5+ {[%emt 0:04:03]} Kb6 {[%emt 0:00:29]} 35. Rc2 {[%emt 0:00:14]} Rd7 {[%emt 0:02:12]} 36. Kd4 {[%emt 0:01:22]} Rd6 {[%emt 0:01:11]} 37. Ra2 {[%emt 0:01:39]} Kb7 {[%emt 0:00:26]} 38. Kc5 {[%emt 0:01:25]} d4 {[%emt 0:00:27]} 39. Rba3 {[%emt 0:00:57]} Kc8 {[%emt 0:02:15]} 40. b6 {[%emt 0:03:05]} d3 {[%emt 0:00:31]} 41. Ra8+ {[%emt 0:32:46]} Kd7 {[%emt 0:30:14]} 42. Rd2 {[%emt 0:02:16]} Rc6+ {[%emt 0:00:00]} 43. Kb5 {[%emt 0:00:00]} Rc3 {[%emt 0:00:00]} 44. Kb4 {[%emt 0:00:00]} Rc1 {[%emt 0:00:00]} 45. Rxd3+ {[%emt 0:00:00]} Bd6+ {[%emt 0:00:00]} 46. Kb5 {[%emt 0:00:00]} Rb1+ {[%emt 0:00:00]} 47. Ka6 {[%emt 0:00:00]} g5 {[%emt 0:00:00]} 48. Rg8 {[%emt 0:00:00]} f6 {[%emt 0:00:00]} 49. b7 {[%emt 0:00:00]} Ra1+ {[%emt 0:00:00]} 50. Kb5 {[%emt 0:00:00]} Rb1+ {[%emt 0:00:00]} 51. Ka4 {[%emt 0:00:00]} Kc6 {[%emt 0:00:00]} 52. Rxd6+ {[%emt 0:00:00]} Kxd6 {[%emt 0:00:00]} 53. b8=Q+ {[%emt 0:00:00]} Rxb8 {[%emt 0:00:00]} 54. Rxb8 {[%emt 0:00:00]} Ke5 {[%emt 0:00:00]} 55. Rb4 {[%emt 0:00:00]} f5 {[%emt 0:00:00]} 56. Kb3 {[%emt 0:00:00]} f4 {[%emt 0:00:00]} 57. Kc3 {[%emt 0:00:00]} Kf5 {[%emt 0:00:00]} 58. Rb5+ {[%emt 0:00:00]} 1-0